Teora̕ y Prc̀tica del Derecho Internacional Pb︢lico Tomo IV

Detalles Bibliográficos
Autor principal: Llanos Mansilla, Hugo
Formato: eBook
Lenguaje:español
Publicado: [Chile] : Editorial jurd̕ica de Chile, 2011
Colección:Tratados
Materias:
Acceso en línea:Acceso restringido

MARC

LEADER 00000nam a22000007a 4500
005 20111025145517.0
008 111004s2011 cl |||||s|||| 00||0 spa d
020 |a 9561020696 
035 |a 5852 
040 |a vLex 
090 |c 2711  |d 2711 
100 1 |a Llanos Mansilla, Hugo 
245 1 0 |a Teora̕ y Prc̀tica del Derecho Internacional Pb︢lico  |h [Recurso electrn̤ico] /  |c Hugo Llanos Mansilla  |n Tomo IV 
256 |a Servicio en ln̕ea. 
260 |a [Chile] :  |b Editorial jurd̕ica de Chile,  |c 2011 
300 |a 1 recurso electrn̤ico 
490 0 |a Tratados 
506 1 |a Contenido solo disponible en los productos indicados  |d vLex Global  |d vLex Global (Academic Edition, excluding Law Schools)  |d vLex Global (U.S. Academic Edition, Law Schools)  |d vLex Global (U.S. Academic Edition, excluding Law Schools)  |d vLex Global (Academic Edition, Law Schools) 
650 0 4 |a Derecho internacional  |z Chile 
740 0 |a vLex Libros (Servicio en ln̕ea) 
856 4 0 |u http://vlex.com/source/teoria-practica-derecho-internacional-publico-tomo-iv-5852  |z Acceso restringido 
942 |c BOOK